000 00490nam a22001817a 4500
003 OSt
005 20251125095919.0
008 251125b |||||||| |||| 00| 0 eng d
020 _a978-0-06-205993-2
040 _aDWC-Main lib.
_cOC
082 _21st ed.
_aFic. C343s 2012
100 _aCass, Kiera
245 _aThe selection/
_cKiera Cass
260 _aNew York:
_bHarper Collins,
_cc2012.
300 _a327 p.:
_c21 cm.
760 _b1st ed.
942 _2ddc
_cFIC.
_e1st ed.
_hFic.
_n0
999 _c6191
_d6191